00641nam a2200205 450000500170000000800410001701000170005802000260007503500170010103700120011804000180013008200160014810000170016424500890018125000140027026000390028427000600032330000320038370000200041520100510144847.0700514s1968 enka 000 0 eng  aB-422201-209 c350.00a9789380231150 aB-422201-209 bUBH/VEN adplbEnglish  a340.0917645 aDiwan, Paras aModern Hindu Law:cby Paras Diwan (and) Peeyushi Diwan b(codified and uncodified) / a20th ed.  aDelhi bAllahabad Law Agencyc2009 a1559, Outram Lines, Near Kingsway Camp.bDelhi e110009 axlviii, 610p. c25cm (pbk)  aDiwan, Peeyushi